| 000 | 00329nam a2200121Ia 4500 | ||
|---|---|---|---|
| 008 | 210430s9999 xx 000 0 und d | ||
| 082 | _a150.9M67811 H | ||
| 100 | _aHenryk Misak | ||
| 245 |
_aHistory of Psychology An overview / _cHenryk Misak |
||
| 260 |
_aIslamabad _bHenryk Misiak _c2010 |
||
| 300 | _a499p | ||
| 942 |
_cBK _2ddc |
||
| 999 |
_c563320 _d563320 |
||